| Tag |
First Indicator |
Second Indicator |
Subfields |
| LEADER |
00000nam a2200000Ia 4500 |
| 001 |
in00004341321 |
| 005 |
20200812095014.0 |
| 006 |
m g d |
| 007 |
cr bn |||a|bb| |
| 008 |
111208s1693 enk o 000 0 eng d |
| 040 |
|
|
|a UMI
|c UMI
|e dcrb
|d UMI
|
| 035 |
|
|
|a (OCoLC)767838765
|
| 037 |
|
|
|a CL0037000136
|b ProQuest, 789 E. Eisenhower Parkway, Ann Arbor, MI 48108-3218
|
| 090 |
|
|
|a PR3431.D3
|b R52 1693
|
| 049 |
|
|
|a UMIA
|
| 100 |
1 |
|
|a D'Urfey, Thomas,
|d 1653-1723.
|
| 245 |
1 |
4 |
|a The Richmond heiress, or, A woman once in the right :
|b a comedy acted at the Theatre Royal by Their Majesties servants /
|c written by Mr. D'Urfey.
|
| 246 |
3 |
0 |
|a Woman once in the right.
|
| 260 |
|
|
|a London :
|b Printed for Samuel Briscoe, over against Will's Coffee-House in Covent-Garden,
|c 1693.
|
| 300 |
|
|
|a 1 online resource ([8], 64 pages)
|
| 336 |
|
|
|a text
|b txt
|2 rdacontent
|
| 337 |
|
|
|a computer
|b c
|2 rdamedia
|
| 338 |
|
|
|a online resource
|b cr
|2 rdacarrier
|
| 500 |
|
|
|a Numerous errors in paging.
|
| 500 |
|
|
|a Printer's advertisements on pages [6] at beginning.
|
| 500 |
|
|
|a Reproduction of original in: Newberry Library.
|
| 510 |
4 |
|
|a Wing (2nd edition),
|c D2769 variant
|
| 533 |
|
|
|a Electronic reproduction.
|b Ann Arbor, Mich. :
|c UMI,
|d 1999-
|f (Early English books online)
|n Digital version of: (Early English Books, 1641-1700 ; 3006:4)
|7 s1999 miun s
|
| 650 |
|
0 |
|a English drama (Comedy)
|y 17th century
|v Early works to 1800.
|
| 830 |
|
0 |
|a Early English books online.
|
| 856 |
4 |
0 |
|u http://proxy.library.tamu.edu/login?url=https://search.proquest.com/docview/2240862037
|z Connect to the full text of this electronic book
|t 0
|
| 994 |
|
|
|a 02
|b UMI
|
| 999 |
f |
f |
|s a37441f1-9a1b-3f34-afa6-b8203cefc33c
|i a83f1fe7-0c48-3d66-8b49-2f4c699e01bc
|t 0
|
| 952 |
f |
f |
|a Texas A&M University
|b College Station
|c Electronic Resources
|d Available Online
|t 0
|e PR3431.D3 R52 1693
|h Library of Congress classification
|
| 998 |
f |
f |
|a PR3431.D3 R52 1693
|t 0
|l Available Online
|